000 00311nam a22001337a 4500
008 171124b xxu||||| |||| 00| 0 eng d
020 _a9780130927019
041 _aeng
080 _22nd
_a62
100 _a27
101 _aIM
245 _aFOUNDATIONS OF ELECTRICAL ENGINEERING
_cCOGDELL,J.R
942 _2udc
_cBK
999 _c38455
_d38455